Writing India, writing English : (Record no. 55899)

MARC details
000 -LEADER
fixed length control field 00805nam a22002177a 4500
005 - DATE AND TIME OF LATEST TRANSACTION
control field 20110824141032.0
008 - FIXED-LENGTH DATA ELEMENTS--GENERAL INFORMATION
fixed length control field 110824t xxu||||| |||| 00| 0 eng d
010 ## - LCCN (DPL NO)
LC control number ENG-103579
020 ## - INTERNATIONAL STANDARD BOOK NUMBER
International Standard Book Number 9780415693790
Terms of availability 545.00
035 ## - SYSTEM CONTROL NUMBER
System control number EN-87112
037 ## - SOURCE OF ACQUISITION
Source of stock number/acquisition DBAD/PUB
040 ## - CATALOGING SOURCE
Original cataloging agency DPL
Language of cataloging Eng
100 ## - MAIN ENTRY--PERSONAL NAME
Personal name Prasad, G.J.V.
9 (RLIN) 33535
245 ## - TITLE STATEMENT
Title Writing India, writing English :
Remainder of title literature, language, location /
Statement of responsibility, etc by G.J.V. Prasad
260 ## - PUBLICATION, DISTRIBUTION, ETC. (IMPRINT)
Place of publication, distribution, etc New Delhi
Name of publisher, distributor, etc Routledge
Date of publication, distribution, etc 2011
270 ## - ADDRESS
Address 912-915, Tolstoy House, 15-17 Tolstoy Marg, Connaught Place
City New Delhi
Postal code 110001
300 ## - PHYSICAL DESCRIPTION
Extent xii,176p.
Dimensions 22cm (Hb)
500 ## - GENERAL NOTE
General note Includes bibliographical references and index
942 ## - ADDED ENTRY ELEMENTS (KOHA)
Source of classification or shelving scheme Dewey Decimal Classification
Item type English Books
Call number suffix PRA
Holdings
Withdrawn status Lost status Source of classification or shelving scheme Damaged status Not for loan Collection code Home library Current library Date acquired Source of acquisition Cost, normal purchase price Total Checkouts Full call number Barcode Date last seen Copy number Cost, replacement price Koha item type
    Dewey Decimal Classification   Not For Loan Non-fiction D.B.Act.Division D.B.Act.Division 24/08/2011 DBAD/PUB 545.00   PRA EN-87112 24/08/2011 1 545.00 English Books

© Delhi Public Library
Hit Counter
free hit counter